000 00302nam a22001337a 4500
008 171106b xxu||||| |||| 00| 0 eng d
020 _a9780875846224
041 _aeng
080 _a330.722.6
100 _a61
101 _aKON
245 _aTHE GLOBAL FINANCIAL SYSTEM
_cCRANE,D.B
942 _2udc
_cBK
999 _c37794
_d37794